Los 5 países que más... - Estadísticas

Estadísticas generales
  • Esta prueba ha sido intentada 55 veces
  • La puntuación promedio es 25 de 30
Estadísticas de respuestas
Hint Respuesta % Correcto
2 Alemania
100%
3 Alemania
100%
1 Brasil
100%
4 España
100%
3 España
100%
3 Italia
100%
4 Italia
100%
5 Uruguay/Francia
100%
1 China
98%
5 Francia
98%
1 Francia
98%
4 Argentina
96%
2 India
93%
5 India
93%
3 Reino Unido
91%
5 Reino Unido
91%
5 Reino Unido
91%
2 Australia
83%
1 Australia
83%
1 Australia
83%
4 Corea del sur
80%
4 Pakistan
70%
4 Pakistan
70%
2 Belgica
63%
1 EEUU
63%
2 Indonesia
61%
2 Paises Bajos
61%
3 Malasia
46%
3 Sri Lanka
37%
5 Dinamarca
24%
No se encontraron pruebas coincidentes
Distribución de puntuación
Porcentaje de gente con cada puntuación
Porcentaje por número respondido
Historial de tus puntuaciones
No has intentado esta prueba.